Jules Pec'henaud - Statistiques

Statistiques générales
  • Ce quiz a été pris 12 fois
    10 depuis la dernière actualisation
  • Le résultat moyen est 12 sur 15
Statistiques - réponses
Question Réponse % Correct
Quel âge a-t-il ? 17 ans
100%
Qui est son cousin le plus intéressant ? Damien
100%
Quand a-t-il déféqué pour la dernière fois dans son pantalon ? En 2020, quand il était en sixième
100%
Dans quelle commune réside-t-il ? Pontfaverger-Moronvilliers
100%
Qui sont ses amis Solvan Dié-Hannequin, Gabriel Millet, Gabriel Fougeroux, Théo Raulin, Adame Tebaï, Lucas Bég...
100%
Quelle infraction son moniteur d'auto-école a-t-il commise ? Toutes celles citées précédemment
100%
Combien a-t-il sur son compte en banque ? 0,02 centimes
75%
Combien a-t-il de petites amies ? 1
75%
Quel est le meilleur film de tous les temps selon lui ? L'attaque du requin à deux têtes
75%
Quel est son plat favori ? Le poulet curry
75%
Quel est son jeu vidéo préféré ? Sky Defender
75%
Quel est son deuxième prénom ? Thomas
75%
Quel est le véhicule familial ? Un Renault Kangoo
75%
Comment s'appelle le mont qui surplombe son village Mont Saint-Médard
50%
Qui sont ses parents ? Cyril et Coralie
25%
Aucun quiz correspondant
Distribution des résultats
% des personnes avec chaque résultat
Percentile par nombre de réponses
Votre historique - résultats
Vous n’avez pas pris ce quiz depuis la dernière actualisation